000 00445cam a22001337a 4500
008 180718b1998 xxu||||| |||| 00| 0 eng d
082 _aA81x54 91/11/PT4A/C
100 _aCensus of India 1991
245 _aKarnataka: socio-cultural tables
260 _aDelhi
_bThe Controller of Publications
_c1998
300 _a508+p.
440 _aCensus of India 1991. Series-11, Karnataka. Part IV-A-C series
650 _aKarnataka - Social history - Census
999 _c488345
_d488345